000 00738nam a2200217Ii 4500
003 JO-AjNU
008 230605s9999||||xx |||||||||||||| ||und||
017 _a2010/5/1676
040 _aJO-AjNU
_bara
_erda
_cJO-AjNU
041 _aara
050 1 4 _aLC4036 2010
100 3 _aالنوايسة،فاطمة عبد الرحيم,
_eauthor
_931612
245 0 0 _aذوو الإحتياجات الخاصة:التعريف بهم وإرشادهم
250 _aط1
264 3 1 _aعمان:دار المناهج،2011
300 _a381ص
336 _atext
_btxt
_2rdacontent
337 _aunmediated
_bn
_2rdamedia
338 _avolume
_bnc
_2rdacarrier
650 4 _aالأطفال المعوقون-تعليم-التعليم الخاص
_931613
999 _aA12662
_c16230
_d16230